01822nam a2200241Ia 4500008004100000040001800041041000800059100003700067242009600104245008900200246008200289260010400371300004900475500074100524504004001265505011601305506002201421650002301443650002401466650003101490700001901521700004001540130821s1869 fr a gr fre  aCo-BoUCMbspa0 afre1 aWurtz, Ad.q (Adolph)d1817-188400aHistoria de las teorías químicasbdesde Lavoisier hasta nuestros díascAD. Wurtzyspa10aHistoire des doctrines chimiquesbdepuis Lavoisier jusqu' a nos jourscpar AD. Wurtz13a[Historia de las teorías químicasbdesde Lavoisier hasta nuestros días] aParís (Francia)bLibrairie de L. Hachette et Cie [Librería de L. Hachette y Compañía]c1869 aiii, 820 [ i e 280] páginasbilustraciones aDetalles físicos: Encuadernación rígida de calidad en cartón dura forrado en piel texturizada; lomo con nervaduras, adornos y letras en dorado; tapas con repujado de doble recuadro en los bordes. Conserva guardas en papel de agua de calidad, hoja de cortesía, anteportada. En frontispicio, emblema del tipógrafo, con sus iniciales (J. C.) y el lema: "Trabajo". Portada sencilla, impresa a una sola tinta. Texto impreso en una sola columna, con caracteres grandes sobre papel de calidad, con algunas manchas por la humedad. Ejemplar en buen estado de conservación. En la portada, sello de tinta con anotación de propiedad; dice: "El Colegio de Nuestra Señora del Rosario". En tinta, firma de su propietario: "L. Zerda". aIncluye bibliografías e índice.0 aLavoisier. ; Dalton y Gay-Lussac. ; Berzelius. ; Laurent y Gerhardt. ; Teorías y doctrinas actuales. ; Notas. aConsulta en sala.04aCiencias naturales04aQuímicaxHistoria04aQuímicaySiglo XVIII-XIX1 aClaye, J.eed.1 aHachette, L.cy Compañíaeimp.